000 00675cam a22002411 4500
001 sa 67004071
003 DLC
005 20260227112343.0
008 840510s1964 ce b 000 0 eng
010 _asa 67004071
025 _aPL480:C-23
035 _a(OCoLC)10717698
040 _aDLC
_cNRU
_dNRU
_dDLC
042 _apremarc
050 0 0 _aLA1154.C3
_bJ3
100 1 _aJayasuriya, J. E.
245 1 0 _aSome issues in Ceylon education, 1964
_c[by] J.E. Jayasuriya.
260 _aPeradeniya,
_bAssociated Educational Publishers
_c[1964]
300 _a87 p.
_c23 cm.
504 _aBibliographical footnotes.
650 0 _aEducation
_zSri Lanka.
650 0 _aEducation.
999 _c74245
_d74245